01103nac a22003131u 4500010001600000020001500016035002600031082001300057090001500070100003400085245010500119246005400224250001300278260009400291300004800385500001700433500002200450500002600472511002600498650002000524650001900544650001600563700002400579700001800603710002900621942001700650999001500667952010700682 a 98675219 a1850442266 a(CStRLIN)NYUL90-B312200a387.1223 c6190d6190 a20080729 00aLloyd's maritime atlas of world ports and shipping places /ceditors, A.K.C. Beresford, H.W. Dobson.30aMaritime atlas of world ports and shipping places a16th ed. aColchester [England] ;aNew York :bAlfred Rolington Lloyd's of London Press,1989cc1989. a1 atlas (iv, 145 p.) :bcol. maps ;c31 cm. a"0076-020X." aIncludes indexes. adistributer: Al-Ahram acatalogued by: wessam 0aShippingxMaps. 0aHarborsxMaps. 0aWorld maps.1 aBeresford, A. K. C.1 aDobson, H. W.2 aLloyd's of London Press. cNBk387.1223 c6190d6190 00104070aMAINbMAINc1STd2015-11-07ePurchasel0o387.1223 LLOp000007150r2025-07-15 00:00:00yNB